00378nam a2200133Ia 4500003000900000008004100009040003300050041000800083080001200091100002800103245005400131260004200185300001700227LK-CoDNM010623t1922 xxu||||| |||| 00| 1 eng d aLK-CoDNMdLK-CoDNMeLK-CoDNM aeng a22 H.10 aKeith,A.Berriedaleeed. aSpeeches and Documents on Indian Policy 1750-1921 bOxford University PressaLondonc1922 b364p., 15 cm